MARC details
| 000 -CABECERA |
| campo de control de longitud fija |
00799cam a2200217 a 4500 |
| 001 - NÚMERO DE CONTROL |
| campo de control |
000002349 |
| 005 - FECHA Y HORA DE LA ÚLTIMA TRANSACCIÓN |
| campo de control |
20200929150204.0 |
| 008 - DATOS DE LONGITUD FIJA--INFORMACIÓN GENERAL |
| campo de control de longitud fija |
771214s1968 sp c b 001 m spa |
| 040 ## - FUENTE DE LA CATALOGACIÓN |
| Centro catalogador/agencia de origen |
DO-SdBNP |
| Centro/agencia transcriptor |
DLC |
| Centro/agencia modificador |
DLC |
| 043 ## - CÓDIGO DE ÁREA GEOGRÁFICA |
| Código de área geográfica |
e-sp |
| 082 ## - NÚMERO DE LA CLASIFICACIÓN DECIMAL DEWEY |
| Número de clasificación |
862.6 |
| Número de documento/Ítem |
N523t |
| 100 1# - ENTRADA PRINCIPAL--NOMBRE DE PERSONA |
| Nombre de persona |
Neville, Edgar, |
| Forma completa/desarrollada del nombre |
(Conde de Berlanga de Duero), |
| Fechas asociadas al nombre |
1899-1967. |
| 9 (RLIN) |
7463 |
| 245 10 - MENCIÓN DE TÍTULO |
| Título |
Teatro selecto de Edgar Neville / |
| Mención de responsabilidad, etc. |
Edgar Neville ; prólogo, Víctor Ruiz Iriarte. |
| 260 ## - PUBLICACIÓN, DISTRIBUCIÓN, ETC. |
| Lugar de publicación, distribución, etc. |
Madrid : |
| Nombre del editor, distribuidor, etc. |
Escelicer, |
| Fecha de publicación, distribución, etc. |
1968. |
| 300 ## - DESCRIPCIÓN FÍSICA |
| Extensión |
[461] p. : |
| Otras características físicas |
retrs. ; |
| Dimensiones |
18 cm. |
| 505 0# - NOTA DE CONTENIDO CON FORMATO |
| Nota de contenido con formato |
Veinte añitos.--El baile.--Rapto.--Prohibido en otoño.--La vida en un hilo.--Alta fidelidad. |
| 650 #4 - PUNTO DE ACCESO ADICIONAL DE MATERIA--TÉRMINO DE MATERIA |
| Término de materia o nombre geográfico como elemento de entrada |
Teatro español |
| 9 (RLIN) |
3071 |
| 650 #4 - PUNTO DE ACCESO ADICIONAL DE MATERIA--TÉRMINO DE MATERIA |
| Término de materia o nombre geográfico como elemento de entrada |
Literatura española |
| 9 (RLIN) |
632 |
| 700 1# - PUNTO DE ACCESO ADICIONAL--NOMBRE DE PERSONA |
| Nombre de persona |
Ruiz Iriarte, Víctor. |
| Término indicativo de función/relación |
prol. |
| 9 (RLIN) |
7464 |
| 910 ## - DATOS DE OPCIÓN DEL USUARIO (OCLC) |
| Datos de opción del usuario |
Catalogación por copia / LC |